[Event "OLSW 2324 SK Frankenthal - SG Kaisersla"]
[Site "---"]
[Date "2024.02.04"]
[Round "6.7"]
[White "Sievers, Andy"]
[Black "Muths, Lukas"]
[Result "1-0"]
[WhiteElo "2109"]
[BlackElo "1905"]
[PlyCount "73"]
[EventDate "2024.??.??"]

1. e4 c5 2. Nf3 e6 3. g3 Nf6 4. Bg2 d5 5. exd5 exd5 6. O-O Nc6 7. d4 h6 8. Nc3 Be6 9. Bf4 a6 10. Re1 Qb6 11. Na4 Qb5 12. Nxc5 Bxc5 13. dxc5 Qxc5 14. c3 O-O 15. Be3 Qb5 16. Qc2 Rac8 17. Nd4 Qc4 18. Nxe6 fxe6 19. Bh3 Rce8 20. Qe2 Qxe2 21. Rxe2 e5 22. Bc5 Rf7 23. Rd1 e4 24. Bd4 Ne5 25. Bxe5 Rxe5 26. Rde1 Nh7 27. f4 Re8 28. c4 g5 29. cxd5 gxf4 30. Be6 Ng5 31. Bxf7+ Kxf7 32. gxf4 Nf3+ 33. Kf2 Nxe1 34. Rxe1 Rd8 35. Rd1 Kf6 36. d6 Ke6 37. d7 1-0

[Event "OLSW 2324 SK Frankenthal - SG Kaisersla"]
[Site "---"]
[Date "2024.02.04"]
[Round "6.8"]
[White "Kargoll, Peter"]
[Black "Roelle, Philipp"]
[Result "0-1"]
[WhiteElo "2121"]
[BlackElo "2102"]
[PlyCount "136"]
[EventDate "2024.??.??"]

1. d4 g6 2. Nf3 Bg7 3. g3 d6 4. Bg2 f5 5. c4 Nf6 6. O-O O-O 7. Nc3 c6 8. Bg5 h6 9. Bxf6 Bxf6 10. Qd2 Kg7 11. Rad1 Qc7 12. d5 Nd7 13. Nd4 Ne5 14. b3 c5 15. Ne6+ Bxe6 16. dxe6 Qa5 17. Nd5 Qxd2 18. Rxd2 Rab8 19. e4 fxe4 20. Bxe4 Nc6 21. Bg2 Nd4 22. Re1 b5 23. cxb5 Nxb5 24. Rc2 Rfc8 25. Rc4 Nd4 26. f4 Rb5 27. Ra4 a5 28. Rc4 Nc6 29. Kf1 Nb4 30. a4 Rbb8 31. Nxb4 Rxb4 32. Rxb4 cxb4 33. Rd1 Rc3 34. Bd5 Rc2 35. h4 Bc3 36. Bc4 Bd2 37. Ke2 Bxf4+ 38. Kf3 Rd2 39. Rxd2 Bxd2 40. g4 h5 41. gxh5 gxh5 42. Ke4 Be1 43. Kf5 Bxh4 44. Be2 Kh6 45. Bf3 Bf6 46. Be4 Bc3 47. Bf3 Be1 48. Bd5 h4 49. Bg2 Bf2 50. Be4 h3 51. Kg4 h2 52. Kf5 Kh5 53. Kf4 Kh4 54. Bg2 Bg3+ 55. Kf3 Be5 56. Bh1 Kg5 57. Ke4 Bf6 58. Kd5 Kf5 59. Bg2 Kf4 60. Kc6 Ke5 61. Kb5 Kd4 62. Kxa5 Kc5 63. Ka6 d5 64. a5 Bd4 65. Kb7 Kd6 66. a6 Bc5 67. a7 Bxa7 68. Kxa7 d4 0-1

[Event "OLSW 2324 SK Landau - SC Caissa Schwarze"]
[Site "?"]
[Date "2024.02.25"]
[Round "7.1"]
[White "Chassard, Cedric"]
[Black "Kopp, Bjoern"]
[Result "1-0"]
[WhiteElo "2240"]
[BlackElo "2224"]
[PlyCount "53"]
[EventDate "2024.??.??"]

1. e4 e5 2. Nf3 Nc6 3. Bb5 a6 4. Ba4 d6 5. O-O Bd7 6. d4 Nf6 7. Bxc6 Bxc6 8. Re1 Be7 9. Nc3 exd4 10. Nxd4 Bd7 11. Qf3 O-O 12. h3 Re8 13. Bf4 b5 14. a3 c5 15. Nf5 Bxf5 16. exf5 d5 17. Rad1 d4 18. g4 Bf8 19. Re5 Rxe5 20. Bxe5 Nd7 21. Qd5 Nxe5 22. Qxe5 Qh4 23. Ne4 Qxh3 24. Rd3 Qxg4+ 25. Rg3 Qd1+ 26. Kg2 Qc1 27. Qd5 1-0

[Event "OLSW 2324 SK Landau - SC Caissa Schwarze"]
[Site "?"]
[Date "2024.02.25"]
[Round "7.2"]
[White "Schmidt, Justus"]
[Black "Jeschke, Jan"]
[Result "1/2-1/2"]
[WhiteElo "2182"]
[BlackElo "2142"]
[PlyCount "90"]
[EventDate "2024.??.??"]

1. e4 c5 2. Nf3 d6 3. Bc4 Nf6 4. d3 g6 5. e5 Ng4 6. exd6 Qxd6 7. Nc3 Bg7 8. O-O O-O 9. h3 Nf6 10. Qe2 Nc6 11. Re1 b6 12. Ne4 Qc7 13. c3 Bb7 14. Bg5 a6 15. a4 Rad8 16. Bb3 Nd5 17. Rad1 Rd7 18. Bh4 h6 19. Bg3 Qc8 20. h4 Re8 21. d4 cxd4 22. cxd4 Red8 23. h5 g5 24. Ba2 e6 25. Ne5 Nxe5 26. dxe5 Nf4 27. Bxf4 Rxd1 28. Rxd1 Bxe4 29. Rxd8+ Qxd8 30. Bg3 Qd4 31. Bc4 a5 32. Kh1 Bf5 33. f3 g4 34. f4 Bf8 35. b3 Bc5 36. Qf1 Bc2 37. Bh2 Qe4 38. Bg1 Qf5 39. Bxc5 bxc5 40. Qf2 Qxh5+ 41. Kg1 Be4 42. Qe3 Bb7 43. Qg3 Qg6 44. Bd3 Qg7 45. Qh4 Bd5 1/2-1/2

[Event "OLSW 2324 SK Landau - SC Caissa Schwarze"]
[Site "?"]
[Date "2024.02.25"]
[Round "7.3"]
[White "Englisch, Colya"]
[Black "Bold, Andre"]
[Result "0-1"]
[WhiteElo "2143"]
[BlackElo "2203"]
[PlyCount "114"]
[EventDate "2024.??.??"]

1. d4 Nf6 2. Nf3 d5 3. g3 c6 4. Bg2 Bf5 5. O-O h6 6. c4 e6 7. Nc3 Nbd7 8. Qb3 Qb6 9. c5 Qxb3 10. axb3 a6 11. b4 Rc8 12. h3 g5 13. Nd2 Bc2 14. Ra3 Be7 15. Re1 O-O 16. Nb3 Kg7 17. e4 dxe4 18. Nxe4 Bxe4 19. Bxe4 Nxe4 20. Rxe4 Nf6 21. Re2 Rfd8 22. Bd2 Rd7 23. Bc3 Bd8 24. Nd2 Nd5 25. Nc4 Bc7 26. Kg2 Kg6 27. Ra1 Ne7 28. Rd2 Rcd8 29. Rad1 Nf5 30. Ne5+ Bxe5 31. dxe5 Rd5 32. Kf3 Ne7 33. Ke4 Ng8 34. Rd3 Rxd3 35. Rxd3 Rd5 36. Rf3 Ne7 37. g4 Rd8 38. Rd3 Nd5 39. Bd2 Rh8 40. f4 gxf4 41. h4 h5 42. g5 Rb8 43. Bxf4 b6 44. Be3 Nxe3 45. Kxe3 bxc5 46. bxc5 Rb5 47. Ke4 Rxc5 48. b3 Rb5 49. Rc3 Rb4+ 50. Rc4 Rxb3 51. Rxc6 Rb4+ 52. Kf3 Rxh4 53. Rxa6 Kxg5 54. Ra7 Rf4+ 55. Kg3 Rf5 56. Rb7 Kg6 57. Rb5 f6 0-1

[Event "OLSW 2324 SK Landau - SC Caissa Schwarze"]
[Site "?"]
[Date "2024.02.25"]
[Round "7.5"]
[White "Scheuermann, Gerhard"]
[Black "Silber, Henning"]
[Result "0-1"]
[WhiteElo "2104"]
[BlackElo "2278"]
[PlyCount "108"]
[EventDate "2024.??.??"]

1. e4 e5 2. Nf3 Nc6 3. Nc3 Nf6 4. d4 exd4 5. Nxd4 Bb4 6. Nxc6 bxc6 7. Bd3 d5 8. exd5 cxd5 9. O-O O-O 10. h3 Bd6 11. Qf3 c6 12. Re1 Rb8 13. Rb1 Be6 14. Bg5 h6 15. Bh4 Rb4 16. Bxf6 Qxf6 17. Qxf6 gxf6 18. b3 Rfb8 19. Rbd1 a5 20. a4 R4b7 21. Ne2 Be5 22. f4 Bd6 23. Rf1 Rb4 24. Kh2 Kf8 25. g3 h5 26. Rf3 Bd7 27. Kg2 Re8 28. Rd2 Bb8 29. f5 h4 30. g4 Be5 31. Kf2 c5 32. Bb5 Bxb5 33. axb5 d4 34. Nf4 Rxb5 35. Nd3 Bg3+ 36. Kg2 Be1 37. Nxe1 Rxe1 38. Kf2 Ra1 39. Ke2 Rb4 40. Kd3 a4 41. bxa4 Ra3+ 42. Ke2 Rbxa4 43. Rdd3 Ra2 44. Rd2 Rc4 45. Kd1 Ra1+ 46. Ke2 Rc1 47. g5 Kg7 48. gxf6+ Kxf6 49. Rf4 d3+ 50. Ke3 Rxf4 51. Kxf4 dxc2 52. Rf2 c4 53. Kf3 Ke5 54. f6 Kd4 0-1

[Event "OLSW 2324 SK Landau - SC Caissa Schwarze"]
[Site "?"]
[Date "2024.02.25"]
[Round "7.6"]
[White "Lang, Torsten"]
[Black "Buermann, Jan"]
[Result "1-0"]
[WhiteElo "2300"]
[BlackElo "2093"]
[PlyCount "69"]
[EventDate "2024.??.??"]

1. d4 Nf6 2. Nf3 g6 3. Bf4 Bg7 4. e3 d6 5. h3 O-O 6. Be2 c5 7. c3 Qb6 8. Qb3 Qxb3 9. axb3 Nc6 10. Nbd2 cxd4 11. exd4 Nd5 12. Bh2 e5 13. dxe5 dxe5 14. O-O f6 15. Ne4 Rd8 16. Rfd1 b6 17. Bc4 Nce7 18. b4 Bf5 19. Ned2 Kf8 20. g4 Be6 21. g5 Bxh3 22. gxf6 Bxf6 23. Nxe5 Bf5 24. Ndf3 a5 25. b5 Nc7 26. Nd4 Ne8 27. Nxf5 Bxe5 28. Bxe5 Nxf5 29. Bd5 Rac8 30. c4 Ke7 31. Re1 Kf8 32. b4 axb4 33. Ra7 Ned6 34. Rxh7 Rxc4 35. Bg7+ 1-0

[Event "OLSW 2324 SK Landau - SC Caissa Schwarze"]
[Site "?"]
[Date "2024.02.25"]
[Round "7.7"]
[White "Busemann, Stephan"]
[Black "Kuhn, Daniel"]
[Result "0-1"]
[WhiteElo "2102"]
[BlackElo "1947"]
[PlyCount "48"]
[EventDate "2024.??.??"]

1. e4 e5 2. Nf3 Nc6 3. Bc4 Nf6 4. d3 h6 5. c3 d6 6. Nbd2 g6 7. Nf1 Bg7 8. Ne3 O-O 9. a3 Qe7 10. O-O Be6 11. Nd5 Bxd5 12. Bxd5 Nxd5 13. exd5 Nb8 14. Qb3 c5 15. dxc6 Nxc6 16. Be3 Kh7 17. Rfe1 f5 18. Rad1 Rae8 19. d4 e4 20. d5 exf3 21. dxc6 f4 22. Bd2 Qg5 23. g3 Qh5 24. Qc4 Re2 0-1

[Event "OLSW 2324 SK Landau - SC Caissa Schwarze"]
[Site "?"]
[Date "2024.02.25"]
[Round "7.8"]
[White "Groeschel, Karoline"]
[Black "Schera, Michael"]
[Result "0-1"]
[WhiteElo "1858"]
[BlackElo "1802"]
[PlyCount "116"]
[EventDate "2024.??.??"]

1. e4 e5 2. Nf3 Nc6 3. Bb5 a6 4. Ba4 b5 5. Bb3 Nf6 6. d4 exd4 7. e5 Ne4 8. O-O Be7 9. Bd5 Nc5 10. Nxd4 Bb7 11. Nf5 O-O 12. Qg4 g6 13. Re1 Ne6 14. Bh6 Bg5 15. Bxe6 dxe6 16. Bxg5 exf5 17. Qh4 Qd4 18. Qh6 Nxe5 19. Bf4 Ng4 20. Qh4 Qxf4 21. h3 g5 22. Qg3 Qxg3 23. fxg3 Nf6 24. Nc3 Ne4 25. Ne2 Rad8 26. Rad1 Rd6 27. Rxd6 Nxd6 28. Nd4 Be4 29. c3 c5 30. Nb3 Nb7 31. c4 Rd8 32. Rc1 bxc4 33. Rxc4 Bd5 34. Rc3 a5 35. Nxc5 Rc8 36. Na4 Rxc3 37. Nxc3 Bc6 38. a3 Nc5 39. b4 axb4 40. axb4 Ne4 41. Ne2 Bd7 42. Kh2 f6 43. Nd4 Nd6 44. h4 Kf7 45. Kg1 Nb5 46. Nf3 h6 47. Kf2 Ke6 48. Ke3 Bc6 49. Ne1 Be4 50. hxg5 hxg5 51. g4 Ke5 52. gxf5 Kxf5 53. Nd3 Bxd3 54. Kxd3 Ke5 55. Kc4 Nd6+ 56. Kc5 f5 57. b5 Nxb5 58. Kxb5 Kf4 0-1

[Event "OLSW 2324 Turm Illingen - SV Worms 1878"]
[Site "?"]
[Date "2024.02.25"]
[Round "7.1"]
[White "Musiolik, David"]
[Black "Mayer, Frank"]
[Result "1-0"]
[WhiteElo "2259"]
[BlackElo "2278"]
[PlyCount "41"]
[EventDate "2024.??.??"]

1. Nf3 e6 2. c4 b6 3. g3 Bb7 4. Bg2 f5 5. Nc3 Nf6 6. O-O Bb4 7. Qb3 a5 8. d3 Na6 9. Bg5 O-O 10. Rad1 Qe8 11. Nb5 Be7 12. d4 d5 13. Ne5 a4 14. Qxa4 Nb4 15. Qb3 dxc4 16. Qxc4 Bd5 17. Nxc7 Qh5 18. Nxd5 exd5 19. Qc7 Ng4 20. Nxg4 Bxg5 21. Ne5 1-0

[Event "OLSW 2324 Turm Illingen - SV Worms 1878"]
[Site "?"]
[Date "2024.02.25"]
[Round "7.2"]
[White "Hoppstaedter, Daniel"]
[Black "Karsay, Pascal"]
[Result "1/2-1/2"]
[WhiteElo "2100"]
[BlackElo "2351"]
[PlyCount "81"]
[EventDate "2024.??.??"]

1. d4 Nf6 2. Nf3 d5 3. Bg5 c5 4. e3 Ne4 5. Bf4 cxd4 6. exd4 Nc6 7. c3 Bf5 8. Bd3 e6 9. O-O Bd6 10. Bxd6 Qxd6 11. Nh4 Bg6 12. Qe2 Nf6 13. Nxg6 hxg6 14. g3 O-O 15. f4 a6 16. Nd2 Rfc8 17. Nf3 b5 18. a3 Na5 19. Ne5 Nc4 20. g4 Rab8 21. Rf2 a5 22. g5 Nd7 23. h4 Qe7 24. Nxd7 Qxd7 25. h5 Qe8 26. Rh2 b4 27. axb4 axb4 28. Bxc4 Rxc4 29. h6 e5 30. hxg7 Kxg7 31. fxe5 bxc3 32. Qf2 Rc6 33. bxc3 Rcb6 34. Rf1 Qe6 35. Qh4 Kf8 36. Rhf2 Rb1 37. Rxb1 Rxb1+ 38. Kg2 Kg8 39. Ra2 Qc8 40. Qf4 Rb3 41. Ra7 1/2-1/2

[Event "OLSW 2324 Turm Illingen - SV Worms 1878"]
[Site "?"]
[Date "2024.02.25"]
[Round "7.3"]
[White "Ollenberger, Roland"]
[Black "Feidt, Jonas"]
[Result "1-0"]
[WhiteElo "2280"]
[BlackElo "1949"]
[PlyCount "91"]
[EventDate "2024.??.??"]

1. Nc3 d5 2. e4 c6 3. Nf3 dxe4 4. Nxe4 Nf6 5. Qe2 Nxe4 6. Qxe4 Nd7 7. Bc4 Nf6 8. Ne5 e6 9. Qe2 b5 10. Bb3 Qc7 11. d4 Bd6 12. Bf4 O-O 13. Bg3 a5 14. c3 c5 15. O-O b4 16. dxc5 Qxc5 17. cxb4 Qxb4 18. Nc6 Qe4 19. Qxe4 Nxe4 20. Bxd6 Nxd6 21. Ne7+ Kh8 22. Rfd1 Ne4 23. Nxc8 Raxc8 24. Rac1 g6 25. Rxc8 Rxc8 26. f3 Nf6 27. Kf2 Kg7 28. Ke3 g5 29. Rd2 h5 30. Rc2 Nd5+ 31. Kd4 Rxc2 32. Bxc2 h4 33. g3 Kf6 34. Be4 Ne7 35. a3 e5+ 36. Kc5 Ke6 37. g4 f5 38. gxf5+ Nxf5 39. b4 axb4 40. axb4 Nd6 41. Bd5+ Kd7 42. b5 e4 43. fxe4 g4 44. e5 Nc8 45. b6 Ne7 46. Be6+ 1-0

[Event "OLSW 2324 Turm Illingen - SV Worms 1878"]
[Site "?"]
[Date "2024.02.25"]
[Round "7.4"]
[White "Klein, Joachim"]
[Black "Feldmann, Johannes"]
[Result "0-1"]
[WhiteElo "2202"]
[BlackElo "2217"]
[PlyCount "62"]
[EventDate "2024.??.??"]

1. e4 c6 2. d4 d5 3. Nd2 dxe4 4. Nxe4 Bf5 5. Ng3 Bg6 6. Nf3 e6 7. h4 h6 8. Ne5 Bh7 9. Bc4 Nd7 10. Qh5 Nxe5 11. dxe5 Ne7 12. Bb3 a5 13. a4 Nd5 14. Bd2 Bb4 15. Rd1 Qc7 16. Bxb4 axb4 17. O-O O-O 18. Rfe1 Ra5 19. Qg4 Qe7 20. Ne4 Bxe4 21. Qxe4 Rfa8 22. Rd3 b5 23. axb5 Rxb5 24. Rg3 Rba5 25. c4 bxc3 26. Bc2 f5 27. exf6 Nxf6 28. Qxc6 cxb2 29. Rxe6 Qb4 30. Bb1 Ra1 31. Qc2 Rxb1+ 0-1

[Event "OLSW 2324 Turm Illingen - SV Worms 1878"]
[Site "?"]
[Date "2024.02.25"]
[Round "7.5"]
[White "Schluchter, Steffen"]
[Black "Biehler, Thomas"]
[Result "1-0"]
[WhiteElo "2076"]
[BlackElo "2234"]
[PlyCount "120"]
[EventDate "2024.??.??"]

1. d4 e6 2. Bf4 c5 3. e3 Nf6 4. c3 Nc6 5. Nd2 d5 6. Bd3 Bd6 7. Bg3 e5 8. dxe5 Bxe5 9. Ngf3 Bd6 10. O-O Bxg3 11. hxg3 O-O 12. e4 Bg4 13. Qb1 Re8 14. Re1 h6 15. Qc2 c4 16. Bf1 Bxf3 17. gxf3 b5 18. exd5 Qxd5 19. f4 Rad8 20. Rxe8+ Nxe8 21. Rd1 Nc7 22. Bg2 Qd7 23. Bf3 Qe8 24. Ne4 Qe7 25. Kf1 g6 26. Nd2 Qe8 27. Kg2 Kg7 28. Nf1 Ne7 29. Ne3 f5 30. Rd2 Ne6 31. Qd1 Rxd2 32. Qxd2 Qd8 33. Qxd8 Nxd8 34. Nd5 Nc8 35. Nc7 Nd6 36. Bd5 Kf6 37. Kf3 Ke7 38. Ke3 Kd7 39. Na6 N6b7 40. Kd4 Kd6 41. a4 bxa4 42. Bxb7 Nxb7 43. Kxc4 g5 44. fxg5 hxg5 45. Kd4 Nd8 46. Nb4 Ne6+ 47. Kd3 a5 48. Nc2 f4 49. Nd4 Nc5+ 50. Kc4 Ne4 51. gxf4 g4 52. f3 gxf3 53. Nxf3 Nf2 54. Ne5 Nd1 55. Nd3 Kc6 56. Kd4 Kd6 57. f5 Ke7 58. c4 Nxb2 59. c5 a3 60. Nc1 a4 1-0

[Event "OLSW 2324 Turm Illingen - SV Worms 1878"]
[Site "?"]
[Date "2024.02.25"]
[Round "7.6"]
[White "Giese, Tilman"]
[Black "Dausch, Rene"]
[Result "0-1"]
[WhiteElo "1989"]
[BlackElo "2205"]
[PlyCount "108"]
[EventDate "2024.??.??"]

1. Nf3 c5 2. c4 g6 3. g3 Bg7 4. Bg2 Nc6 5. Nc3 d6 6. O-O e5 7. d3 Nge7 8. a3 O-O 9. Rb1 a5 10. Ne1 Be6 11. Nd5 Bxd5 12. cxd5 Nd4 13. e3 Nb5 14. Qb3 Qd7 15. Bd2 Nc7 16. a4 b5 17. axb5 Nxb5 18. Ra1 Rfb8 19. Rxa5 Rxa5 20. Bxa5 Qa7 21. Qa4 Nc7 22. Qd7 Qxa5 23. Qxe7 Bf8 24. Qd7 Rxb2 25. f4 exf4 26. gxf4 Re2 27. Nf3 Qa2 28. Bh3 Nxd5 29. Ng5 Nxe3 30. Nxf7 Rg2+ 31. Kh1 Rxh2+ 32. Kg1 Rxh3 33. Qxh3 Nxf1 34. Ng5 h6 35. Ne4 Qh2+ 36. Qxh2 Nxh2 37. Kxh2 Kf7 38. Kg3 d5 39. Nc3 Ke6 40. Kg4 Bg7 41. Nb5 Kd7 42. Na3 Bb2 43. Nc2 Ke6 44. Ne3 Bc1 45. Ng2 Kf6 46. Ne1 h5+ 47. Kf3 Kf5 48. Ng2 c4 49. dxc4 dxc4 50. Nh4+ Kf6 51. Ke4 Bxf4 52. Kd4 g5 53. Ng2 Kf5 54. Kxc4 Ke4 0-1

[Event "OLSW 2324 Turm Illingen - SV Worms 1878"]
[Site "?"]
[Date "2024.02.25"]
[Round "7.7"]
[White "Martin, Mike"]
[Black "Kuhn, Patrick"]
[Result "1/2-1/2"]
[WhiteElo "2082"]
[BlackElo "2092"]
[PlyCount "66"]
[EventDate "2024.??.??"]

1. e4 c5 2. Nf3 d6 3. c3 Nf6 4. Bd3 Bg4 5. Bc2 Nc6 6. d3 e5 7. Nbd2 Be7 8. h3 Bh5 9. Qe2 Qc7 10. Nf1 Rd8 11. Ne3 Bg6 12. Nd5 Nxd5 13. exd5 Nb8 14. O-O O-O 15. Be3 h6 16. Rac1 f5 17. d4 Bh5 18. dxe5 dxe5 19. Qc4 Kh8 20. b4 Bxf3 21. gxf3 Nd7 22. bxc5 Nb6 23. d6 Rxd6 24. Qb5 Rg6+ 25. Kh1 Nd5 26. Rg1 Rxg1+ 27. Rxg1 Nxe3 28. fxe3 Bxc5 29. Qe2 Qe7 30. Kh2 b6 31. Rg2 a5 32. e4 f4 33. Bb3 Kh7 1/2-1/2

[Event "OLSW 2324 Turm Illingen - SV Worms 1878"]
[Site "?"]
[Date "2024.02.25"]
[Round "7.8"]
[White "Windmueller, Simon"]
[Black "Gerhardt, Pascal"]
[Result "1-0"]
[WhiteElo "1999"]
[BlackElo "1802"]
[PlyCount "65"]
[EventDate "2024.??.??"]

1. Nf3 d5 2. g3 Nf6 3. Bg2 e6 4. O-O Be7 5. d4 Nbd7 6. c4 c6 7. Qc2 b6 8. Nbd2 Bb7 9. e4 dxe4 10. Nxe4 Nxe4 11. Qxe4 Nf6 12. Qe2 Qc7 13. Bf4 Bd6 14. Ne5 Nd7 15. Nxd7 Qxd7 16. Be3 O-O 17. c5 Be7 18. Rfd1 Qc8 19. b4 bxc5 20. dxc5 a5 21. a3 axb4 22. axb4 Ba6 23. Qb2 Qb7 24. Bd4 g6 25. Ra5 Qd7 26. Rda1 Qb7 27. b5 Bxb5 28. Rxa8 Rxa8 29. Rxa8+ Qxa8 30. Qxb5 cxb5 31. Bxa8 e5 32. c6 Bd6 33. Bb6 1-0

[Event "OLSW 2324 SVG Saarbrücken - SV Koblenz "]
[Site "?"]
[Date "2024.02.25"]
[Round "7.1"]
[White "Petersen, Henrik"]
[Black "Bastian, Herbert"]
[Result "1-0"]
[WhiteElo "2157"]
[BlackElo "2234"]
[PlyCount "57"]
[EventDate "2024.??.??"]

1. e4 c5 2. Nf3 e6 3. d4 cxd4 4. Nxd4 a6 5. Bd3 d6 6. c4 Bd7 7. Nc3 Nc6 8. Be3 Nf6 9. O-O Be7 10. f4 h5 11. Kh1 Ng4 12. Bg1 Bf6 13. Nc2 Na5 14. Rc1 Rc8 15. Qe2 Qc7 16. Ne3 Nxe3 17. Qxe3 Nc6 18. b3 Qa5 19. Be2 O-O 20. Rfd1 Be7 21. e5 Qc7 22. Qd2 Qa5 23. exd6 Bd8 24. Ne4 Nb4 25. a3 Qxa3 26. Ra1 Qxb3 27. Nc5 Rxc5 28. Bxc5 a5 29. Rdb1 1-0

[Event "OLSW 2324 SVG Saarbrücken - SV Koblenz "]
[Site "?"]
[Date "2024.02.25"]
[Round "7.2"]
[White "Vogel, Christian"]
[Black "Berresheim, Helmut"]
[Result "0-1"]
[WhiteElo "2136"]
[BlackElo "2040"]
[PlyCount "96"]
[EventDate "2024.??.??"]

1. Nf3 d5 2. g3 Nf6 3. Bg2 c6 4. O-O Bg4 5. c4 e6 6. cxd5 exd5 7. d3 Be7 8. Qc2 O-O 9. e4 Na6 10. Rd1 Rc8 11. h3 Bh5 12. g4 Bg6 13. Ne5 h6 14. Nxg6 fxg6 15. e5 Nd7 16. d4 g5 17. Nc3 Nc7 18. Qe2 Kh8 19. Be3 Nb6 20. b3 Ne6 21. Qd2 Bb4 22. Qd3 Bxc3 23. Qxc3 Na8 24. Qd2 Nac7 25. Rac1 Qd7 26. Rc3 Nf4 27. Bxf4 Rxf4 28. Rf3 Rcf8 29. Qe3 Ne6 30. Rd3 Rxf3 31. Bxf3 Nf4 32. Rd1 Nxh3+ 33. Kh2 Nf4 34. Rh1 Ne6 35. Kg3 Qf7 36. Rd1 a6 37. Rd2 g6 38. Bd1 Kg7 39. Bc2 Qf4+ 40. Kh3 Qxe3+ 41. fxe3 Rf3+ 42. Kg2 Rxe3 43. Kf2 Rh3 44. Kg2 Nf4+ 45. Kf1 Rf3+ 46. Ke1 Ne6 47. Bd1 Rf4 48. Rf2 Nxd4 0-1

[Event "OLSW 2324 SVG Saarbrücken - SV Koblenz "]
[Site "?"]
[Date "2024.02.25"]
[Round "7.3"]
[White "Meyer, Mario"]
[Black "Spielmann, Alain"]
[Result "1/2-1/2"]
[WhiteElo "2060"]
[BlackElo "2192"]
[PlyCount "83"]
[EventDate "2024.??.??"]

1. f4 g6 2. Nf3 Bg7 3. g3 c5 4. Bg2 Nc6 5. O-O d6 6. e4 e5 7. Nc3 Nge7 8. d3 O-O 9. Be3 Nd4 10. Qd2 Bg4 11. fxe5 dxe5 12. Nd1 Qd7 13. c3 Nxf3+ 14. Bxf3 Bxf3 15. Rxf3 b6 16. Nf2 Rad8 17. Rd1 Qc8 18. g4 c4 19. Bh6 f6 20. Bxg7 Kxg7 21. Qe2 cxd3 22. Rfxd3 Nc6 23. Rd5 Ne7 24. Rd6 Rxd6 25. Rxd6 Rd8 26. Qd3 Rxd6 27. Qxd6 Kf7 28. g5 Qe6 29. Qxe6+ Kxe6 30. gxf6 Kxf6 31. Kg2 h5 32. Kf3 g5 33. a4 Ng6 34. b4 Nf4 35. Nd1 g4+ 36. Ke3 h4 37. Kf2 Nh3+ 38. Ke3 Nf4 39. Nb2 Ng2+ 40. Kf2 Nf4 41. c4 Ke6 42. Kf1 1/2-1/2

[Event "OLSW 2324 SVG Saarbrücken - SV Koblenz "]
[Site "?"]
[Date "2024.02.25"]
[Round "7.4"]
[White "Jenner, Meikel"]
[Black "Suranyi, Pal"]
[Result "0-1"]
[WhiteElo "1962"]
[BlackElo "2001"]
[PlyCount "94"]
[EventDate "2024.??.??"]

1. e4 c5 2. Nc3 a6 3. g3 Nc6 4. Bg2 e5 5. d3 d6 6. Nge2 g6 7. O-O Bg7 8. Nd5 Nf6 9. Bg5 h6 10. Bxf6 Bxf6 11. Rb1 Bg7 12. a3 O-O 13. b4 b5 14. f4 exf4 15. gxf4 Bg4 16. Qd2 Qh4 17. Ng3 Rac8 18. c3 f5 19. exf5 gxf5 20. bxc5 dxc5 21. a4 b4 22. cxb4 cxb4 23. Nxb4 Nd4 24. a5 Kh8 25. Qf2 Rc5 26. Rfc1 Rxc1+ 27. Rxc1 Nb3 28. Rc4 Nxa5 29. Rc7 Qf6 30. h3 Bd1 31. Qe1 Qb6+ 32. Kh2 Qxc7 33. Nd5 Qc5 34. Qxd1 Nc6 35. Qh5 Nd4 36. Qg6 Qc6 37. Ne7 Qf6 38. Ngxf5 Nxf5 39. Be4 Qxe7 40. Bxf5 Qe2+ 41. Kg3 Qe3+ 42. Kg2 Qe2+ 43. Kg3 Qe1+ 44. Kg2 Rxf5 45. Qxf5 Qe8 46. Kf3 Qa8+ 47. Ke2 a5 0-1

[Event "OLSW 2324 SVG Saarbrücken - SV Koblenz "]
[Site "?"]
[Date "2024.02.25"]
[Round "7.5"]
[White "Bohn, Ulrich"]
[Black "Zha, Kevin"]
[Result "1-0"]
[WhiteElo "2135"]
[BlackElo "1903"]
[PlyCount "67"]
[EventDate "2024.??.??"]

1. d4 g6 2. e4 Bg7 3. Nc3 d6 4. Be3 a6 5. Qd2 b5 6. h4 h5 7. Nf3 Bb7 8. Ng5 Nd7 9. O-O-O Rc8 10. f4 Nh6 11. e5 Nb6 12. Bd3 Nc4 13. Qe2 e6 14. Nxe6 fxe6 15. Bxg6+ Kd7 16. d5 Qe7 17. f5 Nxe3 18. dxe6+ Kd8 19. Qxe3 Ng4 20. exd6 cxd6 21. Qb6+ Rc7 22. Rxd6+ Kc8 23. Rhd1 Be5 24. Rd7 Qxh4 25. Nd5 Bxd5 26. R7xd5 Bf4+ 27. Kb1 Qf2 28. Qxa6+ Rb7 29. Rxb5 Qa7 30. Qxb7+ Qxb7 31. Rxb7 Kxb7 32. e7 Nf6 33. Rd8 Rh6 34. Rf8 1-0

[Event "OLSW 2324 SVG Saarbrücken - SV Koblenz "]
[Site "?"]
[Date "2024.02.25"]
[Round "7.6"]
[White "Busche, Stefan"]
[Black "Plum, Paul"]
[Result "1/2-1/2"]
[WhiteElo "2060"]
[BlackElo "1918"]
[PlyCount "147"]
[EventDate "2024.??.??"]

1. e4 e5 2. Nf3 Nc6 3. Bb5 Nf6 4. d3 Ne7 5. O-O c6 6. Ba4 Ng6 7. c3 Be7 8. Re1 O-O 9. Nbd2 d5 10. exd5 Qxd5 11. Qe2 Bg4 12. h3 Bxf3 13. Nxf3 Bd6 14. Bb3 Qa5 15. g3 Rfe8 16. Ng5 Re7 17. Ne4 Nxe4 18. dxe4 Bc5 19. Bg5 Ree8 20. Rad1 h6 21. Rd7 Rf8 22. Qf3 Nh8 23. Bc1 Qb6 24. Red1 Rad8 25. Kg2 Rxd7 26. Rxd7 Qb5 27. Qg4 Kh7 28. Qf5+ Kg8 29. h4 a5 30. Qxe5 a4 31. Bc2 Qe2 32. Qxc5 Qxc2 33. Qe3 Re8 34. h5 Rxe4 35. Qd3 Qxd3 36. Rxd3 Re1 37. Be3 Rb1 38. Rd2 f6 39. Bc5 Nf7 40. f4 Re1 41. Ba3 b5 42. Rd7 Re8 43. Be7 f5 44. Kf3 Nh8 45. Bc5 Nf7 46. Bd4 Re6 47. Rc7 Rd6 48. g4 fxg4+ 49. Kxg4 Re6 50. Kf5 Re2 51. Rc8+ Kh7 52. Rxc6 Rh2 53. Kg4 Rxb2 54. Rg6 Kg8 55. Bxg7 Rxa2 56. Bxh6+ Kh7 57. Bf8 Kh8 58. Bc5 Kh7 59. Bd4 Rg2+ 60. Kf5 Nh6+ 61. Kf6 Ng8+ 62. Ke6 Rxg6+ 63. hxg6+ Kxg6 64. f5+ Kg5 65. Be3+ Kg4 66. Bc1 Kf3 67. Kd5 Ne7+ 68. Kc5 Nxf5 69. Kxb5 Ke4 70. Kxa4 Kd5 71. Kb3 Nd6 72. Bf4 Ne4 73. c4+ Kc6 74. Kb4 1/2-1/2

[Event "OLSW 2324 SVG Saarbrücken - SV Koblenz "]
[Site "?"]
[Date "2024.02.25"]
[Round "7.8"]
[White "Birkenheier, Nicolas"]
[Black "Thieme-Garmann, Alexander"]
[Result "1/2-1/2"]
[WhiteElo "1759"]
[BlackElo "2033"]
[PlyCount "96"]
[EventDate "2024.??.??"]

1. e4 e6 2. d4 d5 3. Nd2 Nf6 4. e5 Nfd7 5. Bd3 c5 6. c3 Nc6 7. Ne2 cxd4 8. cxd4 f6 9. Nf4 Nxd4 10. Qh5+ Ke7 11. Ng6+ hxg6 12. Qxh8 Nxe5 13. Qh3 Kf7 14. O-O Bc5 15. Kh1 Nxd3 16. Qxd3 e5 17. Qc3 Qd6 18. f4 Bf5 19. fxe5 fxe5 20. Nb3 Bb4 21. Qg3 Nc2 22. Rb1 Rh8 23. Bg5 e4 24. Bf4 Qa6 25. a3 Be7 26. Qf2 e3 27. Bxe3 Nxe3 28. Qxe3 Qd6 29. h3 Bf6 30. Rbe1 b6 31. Nd4 Be4 32. Nf3 Kg8 33. Kg1 Qg3 34. Qf2 Rxh3 35. Qxg3 Rxg3 36. Kh2 Rg4 37. Rc1 Bxb2 38. Rc8+ Kh7 39. Rf2 Bf6 40. Re8 Rf4 41. Kg3 Rf5 42. Rf1 g5 43. Rh1+ Kg6 44. Rd1 Kf7 45. Rc8 Be7 46. Rc7 Kf6 47. Rc6+ Kf7 48. Rc7 Kf6 1/2-1/2

[Event "OLSW 2324 SG Kaiserslautern - SF Heidesh"]
[Site "?"]
[Date "2024.02.25"]
[Round "7.7"]
[White "Enzmann, Steffen"]
[Black "Fick, Roland"]
[Result "0-1"]
[WhiteElo "2154"]
[BlackElo "2097"]
[PlyCount "98"]
[EventDate "2024.??.??"]

1. d4 f5 2. Nc3 d5 3. Bf4 e6 4. e3 Nf6 5. Bd3 a6 6. Nf3 c5 7. dxc5 Bxc5 8. O-O O-O 9. Ne5 Nc6 10. Ne2 Bd6 11. Nxc6 bxc6 12. Bxd6 Qxd6 13. c4 Ng4 14. g3 Ne5 15. f4 Ng4 16. Qc1 c5 17. h3 Nf6 18. cxd5 exd5 19. Rd1 Qb6 20. Nc3 Qb7 21. Qc2 g6 22. Be2 Qe7 23. Nxd5 Nxd5 24. Bc4 Be6 25. Rxd5 Bxd5 26. Bxd5+ Kg7 27. Qc3+ Kh6 28. g4 g5 29. Bxa8 Rxa8 30. fxg5+ Kxg5 31. gxf5 Rg8 32. Kf2 Kh5 33. Qc4 Rg5 34. e4 Qc7 35. Qe2+ Kh6 36. Qxa6+ Kg7 37. f6+ Kh8 38. Rf1 Qf4+ 39. Ke2 Qxe4+ 40. Kd1 Qb1+ 41. Ke2 Qxb2+ 42. Kf3 Qc3+ 43. Kf2 Qd4+ 44. Kf3 Qc3+ 45. Kf2 Qd2+ 46. Kf3 Qg2+ 47. Ke3 Re5+ 48. Kf4 Re4+ 49. Kf5 Qg6# 0-1